Les villes les plus peuplées de Corse du Sud - Statistiques

Statistiques générales
  • Ce quiz a été pris 109 fois
  • Le résultat moyen est 7 sur 20
Statistiques - réponses
Population Ville % Correct
52 851 Ajaccio
99%
2 661 Bonifacio
93%
10 310 Porto-Vecchio
91%
3 403 Sartène
81%
3 189 Propriano
73%
985 Cargèse
44%
1 005 Figari
41%
2 767 Bastelicaccia
31%
1 799 Zonza
31%
2 054 Afa
30%
1 115 Olmeto
28%
2 462 Alata
23%
1 061 Cauro
13%
1 778 Sarrola-Carcopino
11%
1 107 Sari-Solenzara
10%
2 150 Grosseto-Prugna
9%
1 147 Appietto
8%
1 142 Peri
7%
1 473 Cuttoli-Corticchiato
5%
1 030 Pietrosella
3%
Aucun quiz correspondant
Distribution des résultats
% des personnes avec chaque résultat
Percentile par nombre de réponses
Votre historique - résultats
Vous n’avez pas pris ce quiz